Distritos do Acre em um Mapa - Statistics

Estatísticas Gerais
  • Esse quiz foi jogado 69 vezes
  • A pontuação média é 9 de 26
Respostas no mapa
Respostas codificadas por cores de uma escala verde-vermelha no mapa do quiz de acordo com a % correta abaixo.
 
Estatísticas das Respostas
Município Distrito % Correto
Rio Branco Rio Branco
86%
Cruzeiro do Sul Cruzeiro do Sul
55%
Acrelândia Acrelândia
51%
Xapuri Xapuri
45%
Feijó Feijó
43%
Sena Madureira Sena Madureira
43%
Porto Acre Porto Acre
39%
Tarauacá Tarauacá
37%
Brasiléia Brasiléia
35%
Assis Brasil Assis Brasil
33%
Capixaba Capixaba
33%
Epitaciolândia Epitaciolândia
33%
Jordão Jordão
33%
Bujari Bujari
31%
Mâncio Lima Mâncio Lima
31%
Santa Rosa do Purus Santa Rosa do Purus
31%
Plácido de Castro Plácido de Castro
29%
Porto Walter Porto Walter
29%
Rodrigues Alves Rodrigues Alves
29%
Manoel Urbano Manoel Urbano
27%
Marechal Thaumaturgo Marechal Thaumaturgo
24%
Senador Guiomard Senador Guiomard
24%
Porto Acre Vila do V
16%
Porto Acre Vila do Caquetá
8%
Porto Acre Vila do Incra
8%
Plácido de Castro Campinas
2%
Nenhum quiz correspondente encontrado
Distribuição das Pontuações
Porcentagem de Pessoas com Cada Pontuação
Percentil de Números Respondidos
Sua Pontuação Histórica
Você não jogou esse quiz